000
00300 a2200145 4500
001
176538
020
_a
040
_c
Magnum
100
_a
Carvajal, Frei Gaspar de
240
1
0
_a
As amazonas
_l
por
245
1
0
_a
As amazonas
362
0
_a
1899
697
_a
MAGNITO: IJ/PARADIDATICO
942
_c
BK
999
_c
176538
_d
176538